| 000 | 00792nam a22002537a 4500 | ||
|---|---|---|---|
| 001 | 62173 | ||
| 003 | UA-OsUOA | ||
| 005 | 20220222133519.0 | ||
| 007 | ta | ||
| 008 | 20090812b un ||||| |||| 00| 0 ukr d | ||
| 040 |
_aUA-OsUOA _brus _cUA-OsUOA _dUA-OsUOA |
||
| 041 | _arus | ||
| 080 | _a821.161.1 | ||
| 090 |
_a821.161.1 _bС28 |
||
| 100 | _aСейфуллина Л. Н. | ||
| 245 |
_aСобрание сочинений _bсобрание сочинений в четырех томах |
||
| 260 |
_aМосква _bХудожественная литература _c1968 |
||
| 300 | _a343 с. | ||
| 505 | _gТ. 1 | ||
| 650 | 7 |
_a821 Художня література _2UDC |
|
| 942 |
_cBK _2udc |
||
| 955 | _a3 | ||
| 999 |
_c348251 _d348251 |
||